[Event "November Lviv Tradition 2019"]
[Site "Lviv"]
[Date "2019.11.23"]
[Round "6.1"]
[White "Kagramanianz, Vartan"]
[Black "Papunidi, Matvey"]
[Result "1-0"]
[WhiteElo "2229"]
[BlackElo "2052"]
[Annotator "TA"]
[PlyCount "69"]
[EventDate "2019.09.23"]
[EventType "tourn"]
[EventRounds "9"]
[EventCountry "UKR"]
[EventCategory "1"]
[SourceTitle "playchess.com"]
[Source "ChessBase"]
[SourceQuality "1"]

{[%evp 9,69,7,-4,-8,-6,-10,-2,-27,-25,-19,-26,-34,-28,-38,-43,-54,-40,-36,-44,-73,-57,-89,-63,-69,0,0,0,0,0,0,0,0,0,0,0,0,0,0,66,72,56,0,0,0,490,490,490,490,29965,29966,29967,4886,1781,1933,1637,1641,1307,780,29988,29988,29993,29994]} 1. e4 c5 2. Nf3 Nc6 3. Bb5 g6 4. c3 Nf6 5. e5 Nd5 $1 6. O-O {B31: Sicilian: 2...Nc6 3 Bb5 g6} Bg7 7. Re1 (7. d4 cxd4 8. cxd4 Nc7 9. Ba4 O-O 10. Bf4 b5 11. Bb3 d6 12. exd6 exd6 13. Bg5 Qd7 14. Qd2 Bb7 15. d5 Ne7 16. Nc3 {1-0 (28) Smirin,I (2670)-Vakhidov,J (2561) Moscow 2017}) 7... O-O 8. h3 {The position is equal.} d6 9. d4 cxd4 {[%cal Rd6e5]} 10. Bxc6 bxc6 11. Nxd4 Bb7 12. exd6 Qxd6 13. Na3 $146 ({Predecessor:} 13. Nd2 c5 {0-1 (31) Hristodoulaki,A (1986)-Gara,T (2365) Achaea 2016}) 13... c5 14. Nf3 Rfd8 15. Nc4 Qa6 16. Qe2 Nxc3 (16... Nb6 $15 17. Nfd2 e6) 17. bxc3 $11 Bxc3 18. Bb2 Bxf3 19. gxf3 Bxe1 20. Rxe1 Rd7 21. Qe4 Rad8 22. Kg2 {Black should prevent Ne5.} f6 ({Don't play} 22... Qxa2 $6 23. Qe5 $16) 23. h4 Qb7 ({Reject} 23... Qxa2 $6 24. Qe6+ Kg7 25. Bc3 $16) (23... Rf8 $11) 24. Qe6+ $14 Kf8 25. Ne5 $40 {[%mdl 128] White has some attack.} (25. Bc1 $14 Kg7 26. Na5) 25... fxe5 $11 26. Qxe5 {[#] Intending Qg7+ and mate.} Rd4 $2 {[%mdl 8192]} (26... Qd5 $1 $11 {and Black has nothing to worry.} 27. Qg7+ {[%mdl 64] Double Attack} Ke8) 27. Qh8+ $18 Kf7 28. Qxh7+ Kf6 (28... Kf8 $18 29. Bc1 Rg4+ 30. Kh2 Rd3 31. Bh6+ (31. fxg4 Rh3+ {[%mdl 64] Decoy} 32. Kxh3 Qf3+ {[%mdl 64] Double Attack} 33. Kh2 Qxf2+ {[%mdl 64] Double Attack} 34. Kh3 Qf3+ 35. Kh2 Qf2+ {[%mdl 64] Double Attack} 36. Kh3 Qf3+ 37. Kh2 Qf2+ $11 {[%mdl 64] Double Attack}) 31... Ke8) 29. h5 gxh5 30. Qh6+ (30. Bxd4+ $142 cxd4 31. Qh6+ Kf7 32. Qxh5+ Kf6 33. Qh6+ Kf7 34. Qe6+ Kg7 35. Re5) 30... Kf7 31. Qxh5+ Kf8 32. Qf5+ Ke8 33. Qg6+ Kf8 34. Bxd4 cxd4 35. Rh1 {Accuracy: White = 71%, Black = 63%.} 1-0

[Event "November Lviv Tradition 2019"]
[Site "Lviv"]
[Date "2019.11.23"]
[Round "6.2"]
[White "Roshka, Yevgeniy"]
[Black "Polulikh, Bogdan"]
[Result "1-0"]
[WhiteElo "2415"]
[BlackElo "2286"]
[Annotator "TA"]
[PlyCount "71"]
[EventDate "2019.09.23"]
[EventType "tourn"]
[EventRounds "9"]
[EventCountry "UKR"]
[EventCategory "1"]
[SourceTitle "playchess.com"]
[Source "ChessBase"]
[SourceQuality "1"]

{[%evp 9,71,-23,-16,-16,0,0,0,0,0,0,0,14,20,12,14,14,244,222,236,214,237,231,217,229,237,183,256,255,268,257,370,373,369,362,362,325,687,704,689,692,641,598,553,527,486,497,578,585,647,633,733,733,706,523,1011,1011,968,959,944,928,1070,1067,5497,3214]} 1. d4 d5 2. c4 c6 3. Nf3 Nf6 4. Nc3 dxc4 5. e4 b5 $1 {[%cal Bb7b5,Bb5b4][%mdl 32]} 6. Be2 {D15: Slav Defence: 4 Nc3 a6 and gambit lines after 4 Nc3 dxc4} b4 7. Na4 (7. e5 bxc3 8. exf6 exf6 9. bxc3 Bd6 10. O-O O-O 11. Nd2 Re8 12. Re1 Nd7 13. Nxc4 Bc7 {1-0 (44) Carlsen,M (2875)-Yu,Y (2738) Stavanger 2019}) 7... Nxe4 8. Bxc4 {The position is equal.} e6 9. O-O Be7 10. Re1 Nf6 11. Ne5 $36 {[%mdl 2048] Black is under pressure.} O-O 12. Bg5 Nfd7 $146 (12... a5 $11 {and Black is okay.}) ({Predecessor:} 12... a5 13. Qb3 Qxd4 {1-0 (32) Karthik,V (2502)-Skoberne,J (2575) Spilimbergo 2018}) 13. Bxe7 $18 Qxe7 {[#]} 14. Nxf7 $1 {[%mdl 512]} Nb6 (14... Qxf7 15. Bxe6) 15. Nxb6 axb6 16. Ne5 Qf6 17. Qc2 Ra7 (17... c5 {is a better defense.} 18. Rad1 cxd4 19. Rxd4 Ra5) 18. Re3 g6 19. Rae1 Re7 (19... Qd8 $142 20. Qe4 Rc7) 20. Rf3 Qg7 21. Rg3 {[%cal Re5g6] aiming for Nxg6!} Rf6 22. Bd3 Qf8 $2 {[#]} (22... Rc7 23. Bxg6 hxg6) 23. Bxg6 $1 {[%mdl 512] White is clearly winning.} hxg6 (23... Rxg6 24. Nxg6) 24. Nxg6 Rxg6 25. Rxg6+ Kf7 26. Re3 {Rf3+ is the strong threat.} Ke8 27. h4 Kd8 28. h5 Kc7 29. h6 Rh7 30. Qe4 Kb7 31. Rh3 Bd7 32. Qe5 c5 33. Rg7 Rh8 34. h7 Ka6 35. dxc5 Bb5 36. Qc7 {Accuracy: White = 97%, Black = 30%.} 1-0

[Event "November Lviv Tradition 2019"]
[Site "Lviv"]
[Date "2019.11.23"]
[Round "6.3"]
[White "Frolov, Artur"]
[Black "Shkuran, Danylo"]
[Result "1/2-1/2"]
[WhiteElo "2425"]
[BlackElo "2345"]
[Annotator "TA"]
[PlyCount "52"]
[EventDate "2019.09.23"]
[EventType "tourn"]
[EventRounds "9"]
[EventCountry "UKR"]
[EventCategory "1"]
[SourceTitle "playchess.com"]
[Source "ChessBase"]
[SourceQuality "1"]

{[%evp 18,52,32,0,3,0,16,16,31,22,25,-15,-15,-15,-16,-21,0,0,19,-2,0,0,19,7,21,14,14,8,4,0,0,0,9,0,0,0,7]} 1. e4 e5 2. Nf3 Nf6 3. Nxe5 d6 4. Nf3 Nxe4 5. Qe2 Qe7 6. d3 Nf6 7. Bg5 Qxe2+ 8. Bxe2 Be7 9. Nc3 c6 10. Ne4 Nbd7 {C42: Petroff Defence: 3 Nxe5 and unusual White 3rd moves} (10... Nxe4 11. dxe4 Bxg5 12. Nxg5 h6 13. Nf3 Ke7 14. O-O-O Rd8 15. Nd4 {½-½ (15) Svidler,P (2754)-Grischuk,A (2736) Moscow 2009}) 11. O-O-O d5 12. Nxf6+ Bxf6 13. Rhe1 O-O 14. d4 $146 ({Predecessor:} 14. Bxf6 Nxf6 15. Ne5 {½-½ (15) Amonatov,F (2483)-Simantsev,M (2401) Tula 2002}) 14... Bxg5+ {The position is equal.} 15. Nxg5 Nf6 16. Bd3 h6 17. Nf3 Re8 18. Rxe8+ Nxe8 19. Re1 {[%cal Re1e8] [#]} Kf8 (19... Nd6 {looks sharper.} 20. Kd2 Kf8 21. b3 Be6 22. h4 Re8) 20. Ne5 Nd6 21. c3 Be6 22. Ng6+ Kg8 23. Ne7+ Kf8 24. Ng6+ $1 Kg8 25. Ne7+ Kf8 26. Ng6+ $1 Kg8 {Accuracy: White = 31%, Black = 38%.} 1/2-1/2

[Event "November Lviv Tradition 2019"]
[Site "Lviv"]
[Date "2019.11.23"]
[Round "6.4"]
[White "Cherniaiev, Tykhon"]
[Black "Bets, Anatolij"]
[Result "1/2-1/2"]
[WhiteElo "2121"]
[BlackElo "2258"]
[Annotator "TA"]
[PlyCount "63"]
[EventDate "2019.09.23"]
[EventType "tourn"]
[EventRounds "9"]
[EventCountry "UKR"]
[EventCategory "1"]
[SourceTitle "playchess.com"]
[Source "ChessBase"]
[SourceQuality "1"]

{[%evp 9,63,5,15,23,22,0,19,25,27,0,7,-12,-13,-13,-5,-29,-27,-23,-17,-65,19,15,16,0,0,0,0,0,0,-11,2,1,3,0,0,0,0,0,0,0,0,-25,-28,-37,-40,-34,-34,-37,-6,-6,-6,-6,-6,-15,-4,-5]} 1. Nf3 Nf6 2. g3 d5 3. Bg2 e6 4. d4 b5 5. O-O Bb7 6. a4 {A46: 1 d4 Nf6 2 Nf3 e6: Torre, London and Colle Systems} b4 7. a5 c5 (7... Be7 8. c3 O-O 9. cxb4 Bxb4 10. Qb3 Qe7 11. Bd2 Na6 12. Rc1 Rab8 13. Bxb4 Nxb4 {½-½ (25) Meier,G (2628)-Vallejo Pons,F (2693) Karlsruhe/Baden Baden 2019}) 8. c3 bxc3 9. bxc3 Nbd7 10. Nbd2 Rc8 11. c4 $146 ({Predecessor:} 11. Bb2 Be7 {0-1 (28) Yatsenko,A (2483)-Kotsur,P (2566) Satka 2008}) 11... Be7 12. Bb2 O-O 13. Ne5 cxd4 14. Bxd4 Bc5 (14... Nxe5 $15 15. Bxe5 Ba6 16. cxd5 Nxd5) 15. Nxd7 $11 Nxd7 16. Bxc5 Nxc5 17. cxd5 Bxd5 18. Bxd5 Qxd5 19. Nf3 Rfd8 20. Qxd5 Rxd5 21. Rfd1 Rxd1+ 22. Rxd1 {[%mdl 4096] Endgame KRN-KRN} Kf8 23. Rc1 Ke7 24. Nd4 Kd7 25. Nb5 a6 26. Rd1+ Ke7 27. Nd4 Nb7 28. e3 Nxa5 29. Ra1 {The position is equal.} Nc6 30. Rxa6 Nxd4 31. exd4 Rc4 32. Ra7+ {Accuracy: White = 58%, Black = 65%.} 1/2-1/2

[Event "November Lviv Tradition 2019"]
[Site "Lviv"]
[Date "2019.11.23"]
[Round "6.5"]
[White "Zaika, Daniil"]
[Black "Shpanko, Nadiia"]
[Result "0-1"]
[WhiteElo "2274"]
[BlackElo "2207"]
[Annotator "TA"]
[PlyCount "62"]
[EventDate "2019.09.23"]
[EventType "tourn"]
[EventRounds "9"]
[EventCountry "UKR"]
[EventCategory "1"]
[SourceTitle "playchess.com"]
[Source "ChessBase"]
[SourceQuality "1"]

{[%evp 10,62,23,20,32,18,21,-19,24,29,38,-8,8,-1,0,4,6,0,35,22,13,30,14,14,40,28,18,17,53,35,50,12,14,8,107,113,192,188,72,18,36,-104,-105,-96,-96,-106,-112,-235,-247,-654,-651,-648,-646,-637,-627]} 1. d4 Nf6 2. c4 e6 3. Nf3 d5 4. g3 dxc4 5. Bg2 c6 6. Ne5 c5 {E04: Open Catalan: 5 Nf3} (6... Bb4+ 7. Bd2 Be7 8. Bf4 Bb4+ 9. Bd2 Be7 10. Bf4 Bb4+ 11. Kf1 O-O 12. Nxc4 Nd5 13. a3 Be7 14. Nc3 Nd7 {½-½ (34) Grischuk,A (2759)-Bok,B (2640) Khanty-Mansiysk 2019}) 7. Qa4+ Nbd7 8. Nxc4 Nd5 $146 {The position is equal.} ({Predecessor:} 8... Be7 9. dxc5 Bxc5 10. O-O O-O 11. Nc3 Nb6 12. Qb5 Qe7 13. Nxb6 Bxb6 14. Bf4 {1-0 (55) Ju,W (2574)-Naroditsky,D (2626) Saint Louis 2017}) 9. Nc3 cxd4 10. Nb5 Bb4+ 11. Bd2 $1 $132 {[%cal Rd2b4][%mdl 2048] White is not holding back} Bxd2+ 12. Nxd2 {Black must now prevent Bxd5.} O-O $1 13. Nxd4 N7b6 14. Qa5 Nf4 15. gxf4 {e3 is the strong threat.} Qxd4 {[%mdl 64] Double Attack} 16. Qe5 Qb4 (16... Qd8 {keeps more tension.} 17. Rd1 f6 18. Qe4 Qe7 19. O-O Rb8) 17. a3 Qe7 18. Rc1 Nd7 19. Qg5 f6 20. Qh4 Rd8 21. Ne4 e5 (21... Nf8 $11) 22. Rc7 $16 Qe6 (22... exf4 $16 23. Qxf4 Qe5) 23. Rg1 $1 $18 {And now Bh3 would win.} Qb6 24. Rc2 ({White should play} 24. Nc5 $1 $16 {Strongly threatening Be4!} Qxb2 25. Bd5+ Kh8 26. Kf1 (26. Nd3 Qd4 $15) 26... exf4 27. Be4 $1 {[%mdl 512]}) 24... exf4 25. Bh3 {[#]} (25. Qxf4 $14 {stays ahead.} Kh8 26. Qd6) 25... Kh8 $1 $17 {aiming for ...Ne5.} 26. Qxf4 {Threatens to win with Nd6.} Ne5 27. Qg3 {[%csl Gg1][%cal Rg3g7]} Ng6 28. Bxc8 (28. Qf3 $17) 28... Raxc8 $19 29. Nc3 $2 (29. Rxc8 Rxc8 30. Nc3) 29... Qb3 {Black is clearly winning.} 30. Rc1 Qxb2 31. Rd1 Qxc3+ {Accuracy: White = 32%, Black = 60%.} 0-1

[Event "November Lviv Tradition 2019"]
[Site "Lviv"]
[Date "2019.11.23"]
[Round "7"]
[White "Shkuran, Danylo"]
[Black "Cherniaiev, Tykhon"]
[Result "1/2-1/2"]
[WhiteElo "2345"]
[BlackElo "2121"]
[Annotator "TA"]
[PlyCount "60"]
[EventDate "2019.09.23"]
[EventType "tourn"]
[EventRounds "9"]
[EventCountry "UKR"]
[EventCategory "1"]
[SourceTitle "playchess.com"]
[Source "ChessBase"]
[SourceQuality "1"]

{[%evp 10,60,50,25,54,21,61,41,42,49,48,44,42,55,42,36,49,38,52,42,64,35,37,41,39,22,48,12,15,12,14,13,13,15,19,0,0,0,0,0,0,0,7,0,0,0,0,0,0,0,0,-14,-7]} 1. e4 Nf6 2. e5 Nd5 3. d4 d6 4. Nf3 dxe5 5. Nxe5 c6 6. Bc4 e6 {B04: Alekhine's Defence: 4 Nf3} (6... g6 7. O-O Bg7 8. Re1 O-O 9. h3 Be6 10. Bb3 Nd7 11. Nf3 Nc7 12. Nc3 Re8 13. Bf4 Bxb3 14. axb3 Ne6 15. Bg3 a6 16. Qd2 Nc7 {0-1 (69) Pavlidis,A (2602)-Le Roux,J (2607) Orsay 2018}) 7. Qh5 {[%csl Ge5][%cal Rh5f7] [#]} Qc7 8. Nd2 $146 ({Predecessor:} 8. O-O Nf6 9. Qf3 Bd6 10. Nc3 O-O 11. Re1 a6 12. Bd3 Nbd7 13. Nxd7 Bxd7 14. Bg5 {½-½ (76) Lazhevskaya,Z (2086)-Thrish,K (1843) St Petersburg 2017}) 8... Nf6 {White is slightly better.} 9. Qe2 Bd6 10. Ndf3 O-O 11. O-O Nbd7 {[%cal Bb8d7,Bd7b6,Bb6d5][%mdl 32]} 12. Bf4 Nb6 13. Bb3 Nbd5 14. Bg3 Ne7 15. c4 c5 16. dxc5 Qxc5 17. Bc2 Nf5 $1 18. Bxf5 exf5 {The position is equal.} 19. Nd3 Qc7 20. Bxd6 Qxd6 21. Rfd1 Qc7 22. Nb4 Be6 23. b3 Rfe8 24. Qe5 Qb6 25. Qd6 Qa5 {[#] ...Rad8 is the strong threat.} 26. Nc2 Rad8 27. Qa3 Qxa3 28. Nxa3 Ne4 29. Nb5 a6 30. Nc7 Nc3 $1 {Accuracy: White = 53%, Black = 75%.} 1/2-1/2

[Event "November Lviv Tradition 2019"]
[Site "Lviv"]
[Date "2019.11.23"]
[Round "7"]
[White "Polulikh, Bogdan"]
[Black "Frolov, Artur"]
[Result "1/2-1/2"]
[WhiteElo "2286"]
[BlackElo "2425"]
[Annotator "TA"]
[PlyCount "85"]
[EventDate "2019.09.23"]
[EventType "tourn"]
[EventRounds "9"]
[EventCountry "UKR"]
[EventCategory "1"]
[SourceTitle "playchess.com"]
[Source "ChessBase"]
[SourceQuality "1"]

{[%evp 10,85,12,16,26,13,15,0,0,0,12,20,18,24,6,3,24,14,6,0,18,18,69,46,62,61,54,-25,0,0,0,0,0,-8,0,-6,-6,-6,-6,-6,-6,-13,0,0,0,0,0,0,0,0,0,0,0,0,0,0,0,0,0,0,0,0,0,-287,0,0,0,0,0,0,0,0,0,0,0,0,0,0]} 1. d4 Nf6 2. Nf3 g6 3. b3 Bg7 4. Bb2 d5 5. e3 O-O 6. Nbd2 a5 {D04: Colle System} (6... b6 7. Bd3 Bb7 8. O-O Nbd7 9. c4 e6 10. Rc1 dxc4 11. Nxc4 Qe7 12. Ba3 c5 13. Qe2 Rac8 14. Nfe5 Nxe5 15. dxe5 {½-½ (45) Nakamura,H (2786)-Caruana,F (2802) chess.com INT 2017}) 7. Be2 a4 $146 ({Predecessor:} 7... Nc6 8. c4 e6 9. Ne5 Nb4 10. a3 Na6 11. c5 c6 12. b4 Bd7 13. Qb3 axb4 14. axb4 {½-½ (56) Mentink,T (1839)-Bachmann,R (1963) Neustadt 2019}) 8. a3 axb3 9. cxb3 b6 10. b4 c5 11. dxc5 bxc5 12. bxc5 Qa5 13. O-O Qxc5 14. Nb3 Qa7 15. Bb5 Bd7 (15... Nbd7 $11) 16. a4 $1 $14 Nc6 17. Rc1 Rfc8 18. Nbd4 (18. Bxf6 $14 Bxf6 19. Qxd5) 18... Qb7 (18... Na5 {keeps more tension.} 19. Ne5 Rxc1 20. Qxc1 Bxb5 21. axb5 Qb7) 19. Nxc6 Bxc6 20. Bxf6 Bxb5 21. Rb1 (21. axb5 {with more complications.} Bxf6 22. Rxc8+ Rxc8 23. Qb3 Rc3 24. Qb4) 21... Bxa4 22. Bxg7 Bxd1 23. Rxb7 Bxf3 24. gxf3 {Threatens to win with Bd4.} Kxg7 25. Rxe7 $11 {[%mdl 4096] Endgame KRR-KRR} Kf6 26. Rd7 Ke6 27. Rb7 Ra2 28. Rfb1 {Strongly threatening R1b6+.} Rc6 29. h4 h5 30. R1b4 f6 31. Rg7 Rc1+ 32. Kg2 {Rb6+ would kill now.} Rcc2 33. Rb6+ Kf5 $1 34. Rf7 Rxf2+ 35. Kg1 Ke5 36. Re7+ Kf5 {[#] aiming for ...Rfd2.} 37. Rf7 $1 {[%mdl 512] The position is equal.} Rg2+ 38. Kf1 {[#]} d4 $1 {[%mdl 512]} 39. Rfxf6+ (39. exd4 Rgf2+) 39... Ke5 40. exd4+ Kxd4 41. Rbd6+ Ke3 {( -> ...Raf2+)} 42. Rde6+ Kd3 43. Rd6+ {Accuracy: White = 69%, Black = 68%.} 1/2-1/2

[Event "November Lviv Tradition 2019"]
[Site "Lviv"]
[Date "2019.11.23"]
[Round "7"]
[White "Bets, Anatolij"]
[Black "Zaika, Daniil"]
[Result "0-1"]
[WhiteElo "2258"]
[BlackElo "2274"]
[Annotator "TA"]
[PlyCount "56"]
[EventDate "2019.09.23"]
[EventType "tourn"]
[EventRounds "9"]
[EventCountry "UKR"]
[EventCategory "1"]
[SourceTitle "playchess.com"]
[Source "ChessBase"]
[SourceQuality "1"]

{[%evp 23,56,16,23,24,16,10,4,0,0,0,0,-10,0,0,-1,-4,0,-49,-11,-42,-44,-64,-64,-85,-74,-139,-132,-132,-132,-127,-128,-139,-98,-135,-143]} 1. d4 d5 2. Nf3 Nf6 3. g3 g6 4. Bg2 Bg7 5. O-O O-O 6. c4 c6 7. cxd5 cxd5 8. Ne5 e6 9. Nc3 Nfd7 10. f4 Nc6 11. Be3 Nb6 12. Bf2 Bd7 13. Rc1 {D79: Fianchetto Grünfeld: Symmetrical Variation (6 0-0 c6 7 cxd5 cxd5)} (13. e4 Ne7 14. Nxd7 Qxd7 15. e5 Rac8 16. Qe2 Rc4 17. Rfc1 Rfc8 18. Bf1 R4c7 19. Qe1 a6 20. b3 Bf8 21. Qd2 Nc6 22. a3 f5 23. Kg2 {½-½ (48) Carlsen,M (2821)-Vachier Lagrave,M (2722) Biel 2011}) 13... f5 14. Qd3 {[#]} Qe7 $146 ({Predecessor:} 14... Be8 15. Nb1 Nc8 16. Nd2 Nd6 17. a3 Kh8 18. Qe3 Rg8 19. Rfd1 Qe7 20. Bxd5 exd5 21. Rxc6 Bxe5 22. Qxe5+ Qxe5 23. dxe5 Bxc6 24. exd6 {1-0 (40) Georgiev,K (2610)-Popovic,P (2535) Tilburg 1992}) 15. b3 {The position is equal.} Nc8 16. Rfd1 Nd6 17. Na4 Nb4 18. Qd2 Bxa4 19. Qxb4 Bb5 20. Rc2 Rac8 (20... Rfc8 $5 {[%cal Rc8c2]} 21. Rdd2 Qd8 $11) 21. Rdc1 {[#] Threatens to win with Rxc8.} Bxe2 22. Qa5 b6 $36 {[%mdl 2048] Black is pushing.} 23. Qa3 Bb5 24. Nc6 ({White should try} 24. Be1) 24... Bxc6 $17 25. Rxc6 Rxc6 26. Rxc6 Rd8 27. Qc1 Nb5 28. Qd2 Qd7 {Accuracy: White = 28%, Black = 78%.} 0-1

[Event "November Lviv Tradition 2019"]
[Site "Lviv"]
[Date "2019.11.23"]
[Round "7"]
[White "Shpanko, Nadiia"]
[Black "Kagramanianz, Vartan"]
[Result "1-0"]
[WhiteElo "2207"]
[BlackElo "2229"]
[Annotator "TA"]
[PlyCount "77"]
[EventDate "2019.09.23"]
[EventType "tourn"]
[EventRounds "9"]
[EventCountry "UKR"]
[EventCategory "1"]
[SourceTitle "playchess.com"]
[Source "ChessBase"]
[SourceQuality "1"]

{[%evp 13,77,25,21,14,37,18,52,51,82,79,95,84,91,88,87,96,100,37,96,61,62,47,137,137,167,143,149,150,159,147,158,93,97,54,120,124,137,132,156,166,284,270,277,280,266,281,381,379,452,453,459,447,438,428,595,624,606,622,673,631,719,683,642,539,613,606]} 1. c4 c6 2. e4 d5 3. exd5 cxd5 4. d4 Nf6 5. Nc3 g6 6. Bg5 Ne4 7. Nxe4 dxe4 8. Qd2 {B14: Caro-Kann: Panov-Botvinnik Attack with 5...e6 and 5...g6} Bg7 9. Ne2 h6 (9... O-O 10. Rd1 Nc6 11. Be3 Qc7 12. Nc3 Rd8 13. Nb5 Qb8 14. d5 Ne5 15. Be2 a6 {0-1 (40) Ynojosa Aponte,F (2448)-Almasi,Z (2690) Tromsoe 2014}) 10. Be3 {White is slightly better.} Bf5 $146 ({Predecessor:} 10... Nc6 11. Rd1 Bg4 12. h3 Bxe2 13. Bxe2 e5 14. d5 Nd4 15. O-O O-O 16. Rfe1 Kh7 17. Bf1 f5 18. b4 {½-½ (18) Fiser,J (2144)-Sabol,M (2310) Litomysl 2006}) 11. Ng3 Nc6 {[%cal Rg7d4]} 12. Nxf5 gxf5 {[#]} 13. d5 $1 {[%cal Rd5c6]} Ne5 14. Be2 h5 15. Bd4 (15. c5 $16) 15... Bf6 (15... Qd6 $14) 16. O-O Qd6 17. Rad1 Nd7 (17... Rc8 $14) 18. f3 $16 Bxd4+ 19. Qxd4 {[%mdl 64] Double Attack} Qc5 20. fxe4 fxe4 21. Qxc5 Nxc5 22. Rf4 (22. Rf5 $142) 22... a5 23. Rh4 O-O-O (23... Kd7 $14) 24. Rxh5 Rxh5 25. Bxh5 {[%mdl 4096] Endgame KRB-KRN} f5 26. Rf1 Rf8 {[#]} (26... b5 {was called for.}) 27. Bg4 $1 $18 {[%mdl 576] Pin} Kc7 {intending ...f4.} (27... fxg4 28. Rxf8+) 28. Bxf5 Kd6 29. g4 Ke5 30. h4 Rh8 31. h5 {White is clearly winning.} Nd3 32. Kg2 Nf4+ 33. Kg3 Nxh5+ 34. gxh5 Rxh5 {KRB-KR} 35. Bg4 Rh7 36. b3 b6 37. Re1 Rf7 38. Re2 Kd4 39. Rf2 {Accuracy: White = 70%, Black = 33%.} 1-0

[Event "November Lviv Tradition 2019"]
[Site "Lviv"]
[Date "2019.11.23"]
[Round "7"]
[White "Papunidi, Matvey"]
[Black "Roshka, Yevgeniy"]
[Result "0-1"]
[WhiteElo "2052"]
[BlackElo "2415"]
[Annotator "TA"]
[PlyCount "54"]
[EventDate "2019.09.23"]
[EventType "tourn"]
[EventRounds "9"]
[EventCountry "UKR"]
[EventCategory "1"]
[SourceTitle "playchess.com"]
[Source "ChessBase"]
[SourceQuality "1"]

{[%evp 18,54,24,-7,-8,-18,-14,-7,-2,-76,-75,-63,-63,-91,-65,-119,-107,-127,-93,-93,-93,-93,-94,-103,-106,-96,-66,-90,-91,-588,-597,-568,-567,-1545,-1552,-1485,-1470,-1318,-1278]} 1. d4 g6 2. c4 Bg7 3. e4 d6 4. Nc3 e5 5. Nf3 Nd7 {[%cal Bb8d7,Bd7e5,Be5g4,Bg4e3][%mdl 32]} 6. g3 Ne7 7. Bg2 O-O 8. O-O exd4 9. Nxd4 Nc6 10. Be3 Nde5 {A42: Modern Defence: Averbakh Variation} 11. b3 (11. Nxc6 bxc6 12. b3 Nxc4 13. bxc4 Bxc3 14. Rc1 Bg7 15. c5 Bb7 16. Qa4 a5 17. Rfd1 Qe7 18. Rb1 {½-½ (30) Erdos,V (2605)-Mamedov,R (2703) Skopje 2018}) 11... Ng4 12. Nxc6 $1 Nxe3 {The position is equal.} 13. fxe3 (13. Qc1 $11 bxc6 14. Qxe3) 13... bxc6 $17 14. Rc1 $146 ({Predecessor:} 14. Qd3 Be5 15. Rac1 h5 16. Bf3 Qg5 17. Qe2 Bh3 18. Rf2 {½-½ (35) Botley,G (2150)-Ackley,P (2092) Margate 2014}) 14... Qg5 15. Qe2 Bd7 16. Na4 (16. c5 $15) 16... h5 17. c5 h4 18. gxh4 Qxh4 19. cxd6 {[#]} Be5 $1 {[%mdl 576] Double Attack, Zwischenzug} 20. Bf3 cxd6 21. Nb2 Kg7 22. Nd3 Qg5+ 23. Kh1 $2 {[%mdl 8192] [#]} (23. Bg2 $17 {nothing else works.}) 23... Bxh2 $1 $19 {[%mdl 512] Black is clearly winning.} 24. Rf2 (24. Qxh2 Rh8) 24... Rh8 25. Rg2 Bf4+ {[%mdl 64] Discovered Attack} 26. Kg1 Bxe3+ {[%mdl 64] Double Attack} 27. Nf2 Bxf2+ {[%mdl 64] Pin. Accuracy: White = 38%, Black = 77%.} 0-1

[Event "November Lviv Tradition 2019"]
[Site "Lviv"]
[Date "2019.11.24"]
[Round "8.1"]
[White "Kagramanianz, Vartan"]
[Black "Roshka, Yevgeniy"]
[Result "1/2-1/2"]
[WhiteElo "2229"]
[BlackElo "2415"]
[Annotator "TA"]
[PlyCount "61"]
[EventDate "2019.09.23"]
[EventType "tourn"]
[EventRounds "9"]
[EventCountry "UKR"]
[EventCategory "1"]
[SourceTitle "playchess.com"]
[Source "ChessBase"]
[SourceQuality "1"]

{[%evp 15,61,0,24,1,0,-20,0,0,0,-26,-7,-36,0,-12,8,-14,8,-12,-19,-43,-47,-40,0,0,0,0,37,-32,38,30,34,-6,-6,-17,-17,-25,-8,-19,-19,-34,-34,-34,-26,-57,-57,-57,-57,-57]} 1. c4 c5 2. Nc3 Nc6 3. g3 g6 4. Bg2 Bg7 5. d3 d6 6. e4 Nf6 7. Nge2 O-O 8. O-O Ne8 9. h3 {A36: Symmetrical English vs ...g6: 4 Bg2 Bg7} (9. Be3 Nd4 10. Rb1 Nc7 11. b4 Nce6 12. bxc5 dxc5 13. f4 Nxe2+ 14. Nxe2 b6 15. e5 Rb8 16. g4 Bb7 17. Bxb7 Rxb7 18. f5 Nc7 {1-0 (58) Vachier Lagrave,M (2789)-Zhao,J (2604) Riadh 2017}) 9... Nc7 10. Kh2 Ne6 11. Rb1 {The position is equal.} Ned4 12. Be3 Rb8 $146 (12... a6 {is more complex.} 13. f4 b5 14. f5 Rb8 15. Bg5 h6) ({Predecessor:} 12... Bd7 13. Qd2 Rb8 14. Ng1 b5 15. b3 Qa5 16. Rbc1 b4 17. Nce2 Qd8 18. f4 {0-1 (45) Lengyel,L (2176)-Foldi,I (2360) Gyongyos 2001}) 13. Qd2 Nxe2 14. Nxe2 Nd4 15. Rfe1 Bd7 16. b3 b5 17. Bh6 Bxh6 18. Qxh6 Nxe2 19. Rxe2 e5 20. Rf1 Qa5 21. Qd2 (21. f4 $14 Qd8 22. f5) 21... b4 (21... Qxd2 $15 22. Rxd2 a5) 22. a4 Kg7 23. Qg5 (23. f4 {keeps more tension.} f6 24. h4 Bg4 25. Ref2 Qd8 26. Bh3) 23... Qd8 24. Qxd8 (24. Qd2 {feels hotter.} g5 25. f4 gxf4 26. gxf4 Kh8 27. Ref2) 24... Rbxd8 25. h4 f6 26. Bh3 g5 27. f4 g4 28. Bg2 h5 29. f5 a5 30. Ra1 Rb8 31. Rc2 {Accuracy: White = 20%, Black = 46%.} 1/2-1/2